| 000 | 00868nam a2200205Ia 4500 | ||
|---|---|---|---|
| 005 | 20140513103520.0 | ||
| 010 | _aB-521094-105 | ||
| 020 |
_a9788131912430 _c125.00 |
||
| 035 | _aB-521094-105 | ||
| 037 |
_adpl _bBlueberry Books/Ven |
||
| 082 |
_a530.124 _bPHY |
||
| 245 |
_aPhysics: waves and sound _cEdited by Anil Kumar Tomar and Pallabi, |
||
| 260 |
_aNew Delhi _bPegasus _c2012 |
||
| 270 |
_a1921/10, Chuna Mandi, Paharganj _bNew Delhi _e110055 |
||
| 300 |
_a30p. _bcol.ill _c27cm(Hb) _apegasus is an imprint of B.Jain Publishers |
||
| 700 | _aTomar, Anil Kumar | ||
| 700 | _aTomar, Pallabi.B | ||
| 942 |
_2ddc _cCH _h530.124 _mPHY |
||
| 999 |
_c84094 _d84094 |
||